000 00621cam a22002173a 4500
001 43080
003 PGUSA
005 20140828083959.0
008 130702s2013||||xxu|||||s|||||000 | eng d
040 _aPGUSA
_beng
042 _adc
100 1 _aEvans, Augusta J.
_q(Augusta Jane),
_d1835-1909
245 1 0 _aDevota
_h[electronic resource] /
_cAugusta J. Evans
260 _bProject Gutenberg,
_c2013
506 _aPublic domain in the USA.
516 _aElectronic text
700 1 _aTravis, Stuart,
_d1868-1942
830 0 _aProject Gutenberg
_v43080
856 4 0 _uhttp://www.gutenberg.org/ebooks/43080
942 _cEB
999 _c272331
_d272331